UNDERTALE Soundtrack (OST) - Statistics

General Stats
  • This quiz has been taken 4,126 times
  • The average score is 57 of 101
Answer Stats
Hint Answer % Correct
005 Ruins
91%
003 Your Best Friend
89%
004 Fallen Down
88%
100 Megalovania
88%
001 Once Upon A Time
88%
015 sans.
88%
077 ASGORE
83%
024 Bonetrousle
83%
014 Heartache
83%
012 Home
81%
031 Waterfall
80%
087 Hopes and Dreams
79%
068 Death By Glamour
78%
079 Your Best Nightmare
78%
065 CORE
77%
046 Spear of Justice
76%
048 Alphys
75%
098 Battle Against A True Hero
75%
010 Ghost Fight
75%
071 UNDERTALE
75%
002 Start Menu
73%
022 Snowdin Town
72%
016 Nyeh Heh Heh!
71%
023 Shop
71%
059 Spider Dance
71%
036 Dummy!
70%
009 Enemy Approaching
70%
050 Metal Crusher
70%
030 Undyne
70%
017 Snowy
69%
025 Dating Start!
68%
080 Finale
68%
006 Uwa!! So Temperate
68%
021 Dogsong
66%
090 His Theme
65%
054 Hotel
65%
099 Power Of -NEO-
65%
051 Another Medium
64%
013 Home (Music Box)
64%
089 SAVE the World
64%
084 Amalgam
63%
076 Bergentruckung
62%
043 Temmie Village
60%
011 Determination
59%
008 Unnecessary Tension
59%
027 Dating Fight!
58%
026 Dating Tense!
58%
070 Long Elevator
57%
007 Anticipation
56%
101 Good Night
56%
063 It's Raining Somewhere Else
56%
072 Song That Might Play When You Fight Sans
56%
044 Tem Shop
55%
085 Fallen Down (Reprise)
54%
045 NGAHH!!
54%
038 Spooktune
53%
083 Here We Are
51%
034 Memory
50%
075 Barrier
49%
032 Run!
49%
039 Spookwave
49%
053 Stronger Monsters
49%
052 UWA!! so HEATS!!
49%
078 You Idiot
49%
019 Dogbass
48%
033 Quiet Water
48%
018 Uwa!! So Holiday
48%
047 Ooo
47%
081 An Ending
46%
095 Bring It In, Guys!
46%
064 CORE Approach
46%
049 It's Showtime!!
46%
096 Last Goodbye
45%
067 Oh My...
44%
058 Death Report
43%
042 Thundersnail
43%
088 Burn In Despair
42%
040 Ghouliday
42%
055 Can You Really Call This A Hotel I Didn't Receive A Mint On My Pillow
40%
069 For The Fans
40%
035 Bird That Carries You Over A Disproportionately Small Gap
39%
057 Live Report
39%
037 Pathetic House
39%
074 Small Shock
39%
060 Wrong Enemy
39%
097 But The Earth Refused To Die
37%
093 Menu (Full)
37%
020 Mysterious Place
37%
062 Oh! Dungeon
36%
082 She's Playing Piano
36%
061 Oh! One True Love
35%
073 The Choice
35%
094 Respite
34%
092 Reunited
34%
041 Chill
31%
028 Premonition
31%
056 Confession
29%
086 Don't Give Up
29%
091 Final Power
28%
066 Last Episode
28%
029 Danger Mystery
27%
No matching quizzes found
Score Distribution
Percent of People with Each Score
Percentile by Number Answered
Your Score History
You have not taken this quiz